000 01222nam a2200325 i 4500
003 EG-GICUC
005 20260414110046.0
008 260414s1915 fr ||||fr|||| 000 0 fre d
040 _aEG-GiCUC
_bfre
_cEG-GiCUC
_dEG-GiCUC
_eRda
041 _afre
082 0 4 _221
_a341.6040
_bLO . E
092 0 4 _221
099 _aLaw1 11 341.6040 LO . E 1915
100 1 _aLouis, Paul
_eAuteur
245 1 0 _aQui Sont Les Palestiniens ? /
_cPaul Louis.
264 1 _a Paris :
_b Librairie Felix Alcan,
_c1915.
300 _a131 page ;
_c 24 cm.
_billustration ;
336 _2rda contenu
_a texte
337 _2rda medias
_aOrdinateur
338 _2 transporteur rda
_a Ressource en ligne
500 _aL'europe Nouvelle. La Démocratie Et La Guerre. Les Le Sort De L'autriche. L'évolu-socialistes Allemands. Tion Italienne. L'évolution Roumaine. La Diplomatie Allemande. La Grèce Et L'europe. Les Petites Nations
504 _aBibliography: pages 200-250. 240-220
546 _aTexte en français
650 1 4 _aDroit de la guerre
_2qrmak
650 1 4 _a Droit international humanitaire
651 1 _2qrmak
856 4 0 _uhttps://fll.law.cu.edu.eg/fulltext/bks/B11-08439.pdf
905 _a79
942 _2ddc
_cBK
_e21
_n0
999 _c70819
_d70819